| 000 | 03937nam0a2200469 4500 | ||
|---|---|---|---|
| 001 | RU\NLR\BIBL_A\012799010 | ||
| 005 | 20220929184218.0 | ||
| 010 |
_a978-5-907446-54-0 _91000 |
||
| 021 |
_aRU _bКН-П-22-009042 _9КН-П-22-0739 |
||
| 035 | _a(NLR Aleph) 012799010 | ||
| 035 | _a(RuMoRGB)010979829 | ||
| 090 |
_a13176792 _c13176792 |
||
| 100 | _a20220525d2022 u y0rusy50 ca | ||
| 101 | 1 |
_arus _cchi |
|
| 102 | _aRU | ||
| 105 | _aac z 000zy | ||
| 181 | 0 |
_ai _baxxe |
|
| 182 | 0 | _an | |
| 200 | 1 |
_aЗемледелие и чтение из поколения в поколение _fДа Шэн _gглавные составители: Сюэ Баоцинь, Ли Хао _gпер. с кит.: Е. П. Зуева, Е. В. Артамонова |
|
| 203 |
_aТекст _bвизуальный _cнепосредственный |
||
| 210 |
_aМосква _cИздание книг ком _d2022 |
||
| 215 |
_a382 с. _cил., цв. ил., портр. _d24 |
||
| 225 | 1 |
_aКитай, воспетый в стихах _iЗемледелие и чтение |
|
| 300 | _aЗагл. в вып. дан. и макете: Земледелие и чтение из поколения в поколение. Китай, воспетый в стихах: земледелие и чтение | ||
| 320 | _aБиблиогр. в подстроч. примеч. | ||
| 330 | _aУчёные старого Китая в пору сева и сбора урожая трудились в поле, а в свободные часы занимались образованием. Так среди полей и в читальнях создавалась прекрасная традиционная культура. В земледельческой цивилизации придавалось большое значение образованию, поэтому выражение в роду из поколения в поколение либо учёные, либо земледельцы (из романа Троецарствие) стало одним из давних заветов китайского народа. Китай - страна поэзии, и на её просторах живёт множество прекрасных стихов, описывающих деревенскую жизнь учёных мужей. Взяв эти сочинения за основу, добавив к ним увлекательных историй и обилия исторических материалов, автор живым языком в доступной форме рассказал о жизни людей из далёкого прошлого, занимавшихся земледелием и учением, для которых сельский труд был неотделим от интеллектуального, взглянув на их жизнь под новым, непривычным углом | ||
| 333 | _a16+ | ||
| 517 | 1 | _aЗемледелие и чтение из поколения в поколение. Китай, воспетый в стихах: земледелие и чтение | |
| 606 | 1 |
_aПоэзия китайская _xТематика _92520101 _3RU\NLR\AUTH\6601707877 |
|
| 606 | 1 |
_aСельское хозяйство _xв литературе китайской _92525814 _3RU\NLR\AUTH\6601710588 |
|
| 606 | 1 |
_aОбразование _xв литературе китайской _92525811 _3RU\NLR\AUTH\6601710587 |
|
| 686 | 1 | _aШ5(5Кит)-34 | |
| 686 | 1 | _aШ5(5Кит)-335 | |
| 700 | 0 | _aДа Шэн | |
| 702 | 1 |
_aЗуева _bЕ. П. _gЕкатерина П. _4730 |
|
| 702 | 1 |
_aАртамонова _bЕ. В. _gЕлена В. _4730 |
|
| 942 | _cBOOK | ||
| 980 | _aNB | ||